Представление документа в формате RUSMARC

ПолеНазваниеЗначение
  Тип записи a
  Библиографический уровень m
001 Контрольный номер 232c2b451f4041dd9c42c4b3ebd16145
005 Дата корректировки 20240304095805.3
010 Индекс ISBN __
a ISBN 978-5-17-147697-7
b Уточнения в пер.
100 Данные общей обработки __
a Данные общей обработки 20240207d 0rusy0189## ca
101 Язык документа 0_
a Язык текста rus
102 Страна публикации __
a Страна публикации RU
200 Заглавие и сведения об ответственности 1_
a Заглавие Выживание
e Сведения, относящиеся к заглавию большая энциклопедия
f Первые сведения об ответственности Д. И. Ермакович, А. Г. Мерников, Е. О. Хомич, М. М. Шпаковский
210 Выходные данные 1_
a Место издания Москва
c Издательство АСТ
d Дата издания 2022
215 Физическое описание __
a Объем 95, [1] с.
c Иллюстрации/тип воспроизводства фот.
606 Тематические рубрики 0_
a Основная рубрика Основы безопасности жизнедеятельности
610 Ключевые слова 0_
a Ключевые слова безопасное поведение; безопасность жизнедеятельности; гражданская оборона; детская безопасность; основы безопасности жизнедеятельности; опасности для детей; правила безопасности для детей; правила поведения в экстремальных ситуациях; экстремальные ситуации; первая помощь
686 Индексы других классификаций __
a Классификационный индекс 68.9я2
702 Вторичная интеллектуальная ответственность _1
a Фамилия Ермакович
b Имя (инициалы) Д. И.
702 Вторичная интеллектуальная ответственность _1
a Фамилия Мерников
b Имя (инициалы) А. Г.
702 Вторичная интеллектуальная ответственность _1
a Фамилия Хомич
b Имя (инициалы) Е. О.
702 Вторичная интеллектуальная ответственность _1
a Фамилия Шпаковский
b Имя (инициалы) М. М.
801 Источник записи _0
a Страна RU
b Организация УОБДЮ
c Дата составления 20240207
g Правила каталогизации RCR
801 Источник записи _1
a Страна RU
b Организация УОБДЮ
c Дата составления 20240207
g Правила каталогизации RCR
852 Данные о местонахождении __
i Авторский знак В 92
j Шифр хранения 68.9
900 Электронные ресурсы __
a Имя электронного ресурса 587907
901 Тип документа __
t Тип документа m
905 Данные по созданию БЗ __
b Логин пользователя, который создал БЗ imm
905 Данные по созданию БЗ __
b Логин пользователя, который создал БЗ o7
a Дата создания БЗ 202403